000 00307nam a2200109Ia 4500
008 240731s9999 xx 000 0 und d
245 0 _aInternational Journal for Consumer and Product Safety
260 _bTaylor & Francis
856 _uhttps://www.tandfonline.com/loi/nics18
942 _2ddc
942 _cTFEJ
999 _c77035
_d77035
945 _a1
_bMadushi Gamage
_c1
_dMadushi Gamage